Sports Quiz

Random Sports or Clickable Quiz

NFL Hall of Fame QB Name Match Quiz Stats

 Plays Quiz Updated Aug 7, 2016

Challenge
Share
Tweet
Score 0/34 Timer 04:00
0 Plays Today
% Correct
Joe
97.7%
Troy
97.5%
Brett
97.5%
Dan
97.2%
John
97%
Terry
96.8%
Joe
95.5%
Johnny
95.4%
Steve
94.6%
Warren
94.4%
Bart
94.1%
Roger
94%
Kurt
92.3%
Jim
90.3%
Fran
89.1%
Dan
86.9%
Bob
86.2%
% Correct
Ken
83.7%
Y.A.
83.5%
George
81.5%
Otto
78.7%
Sonny
73.4%
Sammy
73.1%
Len
71.7%
Norm
70.9%
Sid
61.9%
Bobby
50.4%
Bob
31%
John (Paddy)
25.8%
Earl (Dutch)
25%
Benny
23.5%
Clarence (Ace)
18.7%
Jimmy
14.8%
Arnie
14.1%

You're not logged in!

Compare scores with friends on all Sporcle quizzes.
OR
Log In

You Might Also Like...

Show Comments

Extras

Top Quizzes Today


Score Distribution

Your Account Isn't Verified!

In order to create a playlist on Sporcle, you need to verify the email address you used during registration. Go to your Sporcle Settings to finish the process.

Report this User

Report this user for behavior that violates our Community Guidelines.

Details: